Performance Evaluation of KAU Manure Pulverizer (Record no. 14905)
[ view plain ]
| 000 -LEADER | |
|---|---|
| fixed length control field | 00608nam a22001817a 4500 |
| 003 - CONTROL NUMBER IDENTIFIER | |
| control field | OSt |
| 088 ## - REPORT NUMBER | |
| Report number | P 383 |
| 100 ## - MAIN ENTRY--AUTHOR NAME | |
| Personal name | AMAL DEV J |
| -- | ARYA K.T |
| -- | HARSHA V |
| 245 ## - TITLE STATEMENT | |
| Title | Performance Evaluation of KAU Manure Pulverizer |
| 260 ## - PUBLICATION, DISTRIBUTION, ETC. (IMPRINT) | |
| Place of publication | Tavanur 2017 |
| Name of publisher | DEPARTMENT OF FARM POWER MACHINERY AND ENERGY |
| 300 ## - PHYSICAL DESCRIPTION | |
| Number of Pages | 52 |
| 500 ## - GENERAL NOTE | |
| General note | Performance Evaluation of KAU Manure Pulverizer |
| 520 ## - SUMMARY, ETC. | |
| Summary, etc | Performance Evaluation of KAU Manure Pulverizer |
| 700 ## - ADDED ENTRY--PERSONAL NAME | |
| Personal name | Dr. Jayan P.R (Guide) |
| 856 ## - ELECTRONIC LOCATION AND ACCESS | |
| Uniform Resource Identifier | https://drive.google.com/open?id=1aeBeai5zTKi99etjofPHby_X030FY6nO |
| 942 ## - ADDED ENTRY ELEMENTS (KOHA) | |
| Koha item type | Project Report |
| Collection code | Home library | Current library | Shelving location | Full call number | Accession Number | Koha item type |
|---|---|---|---|---|---|---|
| Reference | KAUAET | KAUAET | Reference | 631.3 AMA/PE | P 383 | Project Report |
